Παραμύθια και καθημερινή ζωή : θεωρητικές και εμπειρικές παράμετροι μιας λαογραφικής έρευνας στη Ρόδο
Αποθηκεύτηκε σε:
| Κύριος συγγραφέας: | |
|---|---|
| Μορφή: | Βιβλίο |
| Γλώσσα: | Greek |
| Δημοσίευση: |
Αθήνα :
Πατάκης,
2021.
|
| Έκδοση: | 2η έκδ. |
| Σειρά: | Θεωρητικές επιστήμες. Λαογραφία.
|
| Θέματα: | |
| Ετικέτες: |
Προσθήκη ετικέτας
Δεν υπάρχουν, Καταχωρήστε ετικέτα πρώτοι!
|
MARC
| LEADER | 00000nam a2200000 a 4500 | ||
|---|---|---|---|
| 001 | 1/126579 | ||
| 008 | 230515s2021####gr | ||| |||| ||gre|| | ||
| 020 | |a 9789601698847 | ||
| 040 | |a GR-MyUa |b gre |c GR-MyUa |e AACR2 | ||
| 041 | 0 | |a gre | |
| 082 | 7 | |a 398.20949 |2 (23) | |
| 100 | 1 | |a Καπλάνογλου, Μαριάνθη. | |
| 245 | 1 | 0 | |a Παραμύθια και καθημερινή ζωή : |b θεωρητικές και εμπειρικές παράμετροι μιας λαογραφικής έρευνας στη Ρόδο / |c Μαριάνθη Καπλάνογλου. |
| 250 | |a 2η έκδ. | ||
| 260 | |a Αθήνα : |b Πατάκης, |c 2021. | ||
| 490 | 1 | |a (Θεωρητικές επιστήμες. Λαογραφία) | |
| 504 | |a Βιβλιογραφία: σ. [605]-648. | ||
| 650 | 0 | |a Folklore |z Greece |z Dodecanese Islands. | |
| 650 | 0 | |a Fairy tales |x Social aspects. | |
| 650 | 0 | |a Fairy tales |z Greece |z Rhodes (Island) | |
| 651 | 0 | |a Rhodes (Greece : Municipality) |x Folk literature. | |
| 830 | 0 | |a Θεωρητικές επιστήμες. |p Λαογραφία. | |
| 970 | |a Σιδερή |b Νεκταρία |z 2023-05-15 | ||